000 00262pab a2200109 454500
008 180718b xxu||||| |||| 00| 0 eng d
100 _aDhavan, Rajiv
245 _aWhy blame art 356?
650 _aFederal State Relations
773 _aHindustan Times
909 _a23409
999 _c23409
_d23409